000 00831cab a2200265 4500
001 WB2845-53
008 090401t1992 xxu||||| |||| 00| 0 eng d
035 _a(Sirsi) u63662
041 _aeng
245 _aMonitoring set-aside
260 _c1992
350 _a0
490 _aFinancial Times
_v19 November 1992, 20(1)
520 _aThe National Remote Sensing Centre has developed a satellite, which will be used in the process of checking that land designated as set-aside is indeed taken out of production.
650 _aCAP REFORM
650 _aFARM SUBSIDIES
650 _aFARMING AND FARM DIVERSIFICATION
650 _aNATIONAL REMOTE SENSING CENTRE
650 _aREMOTE SENSING
650 _aSATELLITE MONITORING
650 _aSET-ASIDE
690 _aRURAL PRACTICE
942 _n0
948 _c04/03/1997
999 _c39587
_d39587